=LDR 00000nam 2200000 4500 =001 INLIS000000000006721 =005 20130612094828 =008 ***********************************Ind** =035 ##$$0010-061300000006721 =041 ##$$a Ind =082 ##$$a 658.4 =090 ##$$a 658.4, Par b =100 ##$$a Parkinson, North Cok =245 ##$$a Bagaimana mencapai puncak karir, oleh C. North Cok Parkinson =260 ##$$a 1989 $b Jakarta =300 ##$$a 146 hlm., Ilus., 21 cm =650 ##$$a Manajemen =850 ##$$a NBPNMAT